Effect of architecture on the proeprties of polyisobutylene-based TPE materials (Record no. 57695)

MARC details
000 -LEADER
fixed length control field 00447nam a2200157Ia 4500
100 ## - MAIN ENTRY--AUTHOR NAME
Personal name Puskas Judit E
245 #0 - TITLE STATEMENT
Title Effect of architecture on the proeprties of polyisobutylene-based TPE materials
260 ## - PUBLICATION, DISTRIBUTION, ETC. (IMPRINT)
Name of publisher Rubber Chemistry and Technology
Year of publication 2007
300 ## - PHYSICAL DESCRIPTION
Number of Pages 661-671
650 ## - SUBJECT ADDED ENTRY--TOPICAL TERM
Topical Term TPEs
700 ## - ADDED ENTRY--PERSONAL NAME
Personal name Dos Santos Lucas M
700 ## - ADDED ENTRY--PERSONAL NAME
Personal name Kaszas Gabor
700 ## - ADDED ENTRY--PERSONAL NAME
Personal name Sen Mustafa Y
942 ## - ADDED ENTRY ELEMENTS (KOHA)
Koha item type Journals
Holdings
Withdrawn status Lost status Damaged status Not for loan Home library Current library Shelving location Date acquired Serial Enumeration / chronology Koha item type
      Journals RRII Library RRII Library Rubber technology 15/01/2008 Volume 80, Issue 4 Journals